[Event "LSS SL-2007-0-00069"]
[Site "LSS email"]
[Date "2007.03.02"]
[Round "?"]
[White "Livelo, Joey Darvin"]
[Black "Moland Kovash, Seth M"]
[Result "1-0"]
[WhiteElo "1067"]
[BlackElo "1136"]
[PlyCount "25"]
[EventDate "2007.02.28"]
[EventType "tourn (corr)"]
[EventRounds "6"]
[EventCountry "GER"]
[SourceTitle "Corr 2015"]
[Source "ChessBase"]
[SourceDate "2015.07.17"]
[SourceVersion "1"]
[SourceVersionDate "2015.07.17"]
[SourceQuality "1"]

1. e4 c6 2. d4 d5 3. e5 e6 4. Nf3 Bb4+ 5. Bd2 Na6 6. a3 Ba5 7. Bd3 Ne7 8. 0-0 Bxd2 9. Qxd2 0-0 10. Nc3 b6 11. Qe2 b5 12. Nd1 c5 13. Bxb5 1-0

[Event "LSS OP-2007-0-00236"]
[Site "LSS email"]
[Date "2007.02.01"]
[Round "?"]
[White "Moland Kovash, Seth M"]
[Black "Ghisi, Stefano"]
[Result "0-1"]
[WhiteElo "1136"]
[BlackElo "1600"]
[PlyCount "28"]
[EventDate "2007.01.31"]
[EventType "tourn (corr)"]
[EventRounds "4"]
[EventCountry "GER"]
[SourceTitle "Corr 2015"]
[Source "ChessBase"]
[SourceDate "2015.07.17"]
[SourceVersion "1"]
[SourceVersionDate "2015.07.17"]
[SourceQuality "1"]

1. e4 e5 2. Nf3 Nf6 3. Nxe5 Qe7 4. d4 d6 5. f4 dxe5 6. d5 Nxe4 7. g3 exf4 8. gxf4 Qh4+ 9. Ke2 Bg4+ 10. Ke3 Qf2+ 11. Kxe4 f5+ 12. Kd3 Bxd1 13. Nc3 Bxc2+ 14. Kc4 Qc5# 0-1

[Event "IECG QE.2001.0.00002"]
[Site "IECG email"]
[Date "2001.05.03"]
[Round "?"]
[White "Moland Kovash, Seth M"]
[Black "Poblete, Litos"]
[Result "0-1"]
[WhiteElo "1220"]
[BlackElo "1204"]
[PlyCount "30"]
[EventDate "2001.05.03"]
[EventType "tourn (corr)"]
[EventRounds "6"]
[SourceTitle "Corr 2008"]
[Source "ChessBase"]
[SourceDate "2008.06.24"]
[SourceVersion "1"]
[SourceVersionDate "2008.06.24"]
[SourceQuality "1"]

1. e4 c6 2. d4 d5 3. Nd2 dxe4 4. Nxe4 Bf5 5. Ng3 Bg6 6. Nf3 Nd7 7. Be2 Ngf6 8. 0-0 Qc7 9. Re1 e6 10. Nh4 Bd6 11. Nxg6 hxg6 12. Bf3 0-0 13. Be3 Nd5 14. Bd2 Qb6 15. c4 Bxg3 0-1

[Event "IECC TH-T email"]
[Site "IECC email"]
[Date "2001.02.02"]
[Round "?"]
[White "Cherner, Lyle"]
[Black "Moland Kovash, Seth M"]
[Result "1/2-1/2"]
[WhiteElo "1509"]
[BlackElo "1515"]
[PlyCount "37"]
[EventDate "2001.??.??"]
[EventType "match (corr)"]
[EventRounds "2"]
[SourceTitle "Corr 2008"]
[Source "ChessBase"]
[SourceDate "2008.06.24"]
[SourceVersion "1"]
[SourceVersionDate "2008.06.24"]
[SourceQuality "1"]

1. e4 c6 2. d4 d5 3. exd5 cxd5 4. Bd3 Nc6 5. c3 Nf6 6. Bf4 g6 7. Nf3 Bg7 8. 0-0 0-0 9. h3 Bd7 10. Re1 Nh5 11. Bh2 Qb6 12. Qe2 Bh6 13. Bb5 Rfe8 14. Na3 a6 15. Bxc6 Bxc6 16. Ne5 Rac8 17. Nxc6 Rxc6 18. Be5 e6 19. Rad1 1/2-1/2

[Event "IECG CP.2000.P.00005"]
[Site "IECG email"]
[Date "2000.10.01"]
[Round "?"]
[White "Moland Kovash, Seth M"]
[Black "Miraglia, Jorge"]
[Result "1-0"]
[WhiteElo "1220"]
[BlackElo "2126"]
[PlyCount "41"]
[EventDate "2000.10.01"]
[EventType "tourn (corr)"]
[EventRounds "6"]
[EventCountry "AUS"]
[SourceTitle "Corr 2008"]
[Source "ChessBase"]
[SourceDate "2008.06.24"]
[SourceVersion "1"]
[SourceVersionDate "2008.06.24"]
[SourceQuality "1"]

1. e4 c5 2. Nf3 d6 3. d4 cxd4 4. Nxd4 Nf6 5. Bb5+ Nbd7 6. 0-0 e5 7. Nf5 a6 8. Ba4 b5 9. Bb3 Nc5 10. Ng3 Bb7 11. Nc3 Nxb3 12. axb3 Qc7 13. Bg5 b4 14. Na2 Nxe4 15. Nxe4 Bxe4 16. Nxb4 Qb7 17. f3 Qxb4 18. fxe4 Qxe4 19. Ra4 Qc6 20. Qh5 h6 21. Qxf7# 1-0

[Event "IECG C3.2000.0.00153"]
[Site "IECG email"]
[Date "2000.08.20"]
[Round "?"]
[White "Hoffmann, Michael"]
[Black "Moland Kovash, Seth M"]
[Result "1-0"]
[WhiteElo "1087"]
[BlackElo "1220"]
[PlyCount "87"]
[EventDate "2000.08.20"]
[EventType "tourn (corr)"]
[EventRounds "6"]
[SourceTitle "Corr 2008"]
[Source "ChessBase"]
[SourceDate "2008.06.24"]
[SourceVersion "1"]
[SourceVersionDate "2008.06.24"]
[SourceQuality "1"]

1. d4 d5 2. c4 e6 3. Nc3 c5 4. cxd5 exd5 5. Nf3 Nc6 6. dxc5 Bxc5 7. Qxd5 Qb6 8. e3 Nf6 9. Qg5 0-0 10. Be2 h6 11. Qh4 Bf5 12. 0-0 Rfd8 13. Na4 Qa5 14. Nxc5 Qxc5 15. b3 Ne4 16. Re1 Rac8 17. Bb2 Qc2 18. Rab1 Kh7 19. Qf4 Bg6 20. Qg4 Kg8 21. Nd4 Nxd4 22. Bxd4 h5 23. Qh3 Qxa2 24. Ra1 Qc2 25. Qh4 a6 26. Bd1 Qd2 27. Bxh5 Bxh5 28. Qxe4 Rc2 29. Rf1 Be2 30. Qe7 Rf8 31. Bxg7 Kxg7 32. Qg5+ Kh7 33. Ra4 Rc4 34. Rxc4 Bxc4 35. bxc4 Qc2 36. c5 Qg6 37. Qxg6+ Kxg6 38. Rb1 Rd8 39. g4 Rd7 40. h4 Rc7 41. f4 Kg7 42. Rb6 Re7 43. Kf2 a5 44. h5 1-0

[Event "IECG C3.2000.0.00153"]
[Site "IECG email"]
[Date "2000.08.20"]
[Round "?"]
[White "Moland Kovash, Seth M"]
[Black "Angermann, Immo Frank"]
[Result "1-0"]
[WhiteElo "1220"]
[BlackElo "1388"]
[PlyCount "43"]
[EventDate "2000.08.20"]
[EventType "tourn (corr)"]
[EventRounds "6"]
[SourceTitle "Corr 2008"]
[Source "ChessBase"]
[SourceDate "2008.06.24"]
[SourceVersion "1"]
[SourceVersionDate "2008.06.24"]
[SourceQuality "1"]

1. e4 c6 2. d4 d5 3. exd5 cxd5 4. c4 Nf6 5. Nc3 Nc6 6. Bg5 dxc4 7. Bxc4 Qxd4 8. Qxd4 Nxd4 9. 0-0-0 e5 10. Nf3 Nxf3 11. gxf3 Be6 12. Bxe6 fxe6 13. Rhe1 Nd7 14. Nb5 Rc8+ 15. Kb1 a6 16. Nd6+ Bxd6 17. Rxd6 Rc6 18. Red1 h6 19. Rxd7 0-0 20. Bh4 b5 21. Bg3 Rc5 22. Ra7 1-0

[Event "IECC CL6-2000.27"]
[Site "IECC email"]
[Date "2000.08.14"]
[Round "?"]
[White "Benbachir, Khalid"]
[Black "Moland Kovash, Seth M"]
[Result "0-1"]
[WhiteElo "1300"]
[BlackElo "1334"]
[PlyCount "36"]
[EventDate "2000.??.??"]
[EventType "tourn (corr)"]
[EventRounds "4"]
[SourceTitle "Corr 2008"]
[Source "ChessBase"]
[SourceDate "2008.06.24"]
[SourceVersion "1"]
[SourceVersionDate "2008.06.24"]
[SourceQuality "1"]

1. d4 d5 2. c4 e6 3. Nc3 c5 4. cxd5 exd5 5. dxc5 d4 6. Nb5 Qa5+ 7. Bd2 Qxb5 8. b4 Nc6 9. e3 d3 10. Qb3 Be6 11. Qc3 a5 12. a3 axb4 13. axb4 Rxa1+ 14. Qxa1 Nxb4 15. Qe5 Nc2+ 16. Kd1 Qb1+ 17. Bc1 Nd4 18. Qb8+ Kd7 0-1

[Event "IECC CL6-2000.14"]
[Site "IECC email"]
[Date "2000.03.30"]
[Round "?"]
[White "Moland Kovash, Seth M"]
[Black "Hinman, Chris"]
[Result "0-1"]
[WhiteElo "1227"]
[BlackElo "1261"]
[PlyCount "50"]
[EventDate "2000.??.??"]
[EventType "tourn (corr)"]
[EventRounds "4"]
[SourceTitle "Corr 2008"]
[Source "ChessBase"]
[SourceDate "2008.06.24"]
[SourceVersion "1"]
[SourceVersionDate "2008.06.24"]
[SourceQuality "1"]

1. e4 c5 2. Nf3 d6 3. d4 cxd4 4. Nxd4 Nf6 5. Nc3 g6 6. Be3 Bg7 7. f3 Nc6 8. Qd2 Bd7 9. 0-0-0 Rc8 10. g4 Ne5 11. h4 h5 12. g5 Nh7 13. Kb1 0-0 14. f4 Nc4 15. Bxc4 Rxc4 16. f5 gxf5 17. exf5 Bxd4 18. Bxd4 Bxf5 19. Bxa7 Qa5 20. a3 Qxa7 21. Rde1 b5 22. Qe2 e6 23. Qxh5 Rxc3 24. bxc3 Qxa3 25. Qxh7+ Bxh7 0-1

[Event "IECC CL6-2000.14"]
[Site "IECC email"]
[Date "2000.03.30"]
[Round "?"]
[White "Wey, Geoffrey"]
[Black "Moland Kovash, Seth M"]
[Result "1/2-1/2"]
[WhiteElo "1366"]
[BlackElo "1268"]
[PlyCount "67"]
[EventDate "2000.??.??"]
[EventType "tourn (corr)"]
[EventRounds "4"]
[SourceTitle "Corr 2008"]
[Source "ChessBase"]
[SourceDate "2008.06.24"]
[SourceVersion "1"]
[SourceVersionDate "2008.06.24"]
[SourceQuality "1"]

1. d4 d5 2. c4 e6 3. Nc3 c5 4. cxd5 exd5 5. Nf3 Nc6 6. g3 Nf6 7. Bg2 Be7 8. 0-0 0-0 9. dxc5 Bxc5 10. Na4 Be7 11. Be3 Re8 12. Rc1 Bg4 13. h3 Bf5 14. Nc5 b6 15. Nb3 Rc8 16. Nbd4 Nxd4 17. Nxd4 Rxc1 18. Qxc1 Be4 19. Qd2 Bxg2 20. Kxg2 Ne4 21. Qd3 Bc5 22. f3 Nd6 23. Nc6 Qf6 24. Bxc5 bxc5 25. Qxd5 Rxe2+ 26. Rf2 Qxb2 27. Qxc5 Qxa2 28. Qxa7 Qc4 29. Qb8+ Ne8 30. Ne5 Rxf2+ 31. Kxf2 Qa2+ 32. Kf1 Qe6 33. g4 g5 34. Kf2 1/2-1/2